<?xml version="1.0" encoding="UTF-8"?>
<record
    xmlns:xsi="http://www.w3.org/2001/XMLSchema-instance"
    xsi:schemaLocation="http://www.loc.gov/MARC21/slim http://www.loc.gov/standards/marcxml/schema/MARC21slim.xsd"
    xmlns="http://www.loc.gov/MARC21/slim">

  <leader>00898nam a2200241 a 4500</leader>
  <controlfield tag="001">1261</controlfield>
  <controlfield tag="003">BR-CuiBMT</controlfield>
  <controlfield tag="005">20231202180527.0</controlfield>
  <controlfield tag="008">230808s2010    dfba          000 0 por d</controlfield>
  <datafield tag="020" ind1=" " ind2=" ">
    <subfield code="a">9788579580093</subfield>
  </datafield>
  <datafield tag="040" ind1=" " ind2=" ">
    <subfield code="a">BR-CuiBMT</subfield>
    <subfield code="c">BR-CuiBMT</subfield>
  </datafield>
  <datafield tag="080" ind1=" " ind2=" ">
    <subfield code="a">656.1/.5</subfield>
    <subfield code="x">(81)</subfield>
    <subfield code="x">(094.5)</subfield>
    <subfield code="2">2007</subfield>
  </datafield>
  <datafield tag="090" ind1=" " ind2=" ">
    <subfield code="a">656.1/.5(81)(094.5)</subfield>
    <subfield code="b">B823c</subfield>
  </datafield>
  <datafield tag="110" ind1="1" ind2=" ">
    <subfield code="a">Brasil.</subfield>
    <subfield code="b">Departamento Nacional de Tr&#xE2;nsito.</subfield>
  </datafield>
  <datafield tag="245" ind1="1" ind2="0">
    <subfield code="a">100 anos de legisla&#xE7;&#xE3;o de tr&#xE2;nsito no Brasil :</subfield>
    <subfield code="b">1910 - 2010 /</subfield>
    <subfield code="c">Minist&#xE9;rio das Cidades, Departamento Nacional de Tr&#xE2;nsito, Conselho Nacional de Tr&#xE2;nsito.</subfield>
  </datafield>
  <datafield tag="260" ind1=" " ind2=" ">
    <subfield code="a">Bras&#xED;lia :</subfield>
    <subfield code="b">Minist&#xE9;rio das Cidades,</subfield>
    <subfield code="c">c2010.</subfield>
  </datafield>
  <datafield tag="300" ind1=" " ind2=" ">
    <subfield code="a">264 p. ;</subfield>
    <subfield code="b">il. color. :</subfield>
    <subfield code="c">28 cm</subfield>
  </datafield>
  <datafield tag="504" ind1=" " ind2=" ">
    <subfield code="a">Inclui bibliografia e &#xED;ndice.</subfield>
  </datafield>
  <datafield tag="650" ind1=" " ind2=" ">
    <subfield code="a">C&#xF3;digo de tr&#xE2;nsito brasileiro</subfield>
  </datafield>
  <datafield tag="650" ind1=" " ind2=" ">
    <subfield code="a">Tr&#xE2;nsito</subfield>
    <subfield code="x">Legisla&#xE7;&#xE3;o</subfield>
    <subfield code="z">Brasil</subfield>
  </datafield>
  <datafield tag="650" ind1=" " ind2=" ">
    <subfield code="a">Tr&#xE2;nsito</subfield>
    <subfield code="x">Evolu&#xE7;&#xE3;o hist&#xF3;rica</subfield>
    <subfield code="z">Brasil</subfield>
  </datafield>
  <datafield tag="942" ind1=" " ind2=" ">
    <subfield code="2">udc</subfield>
    <subfield code="c">LV</subfield>
  </datafield>
  <datafield tag="952" ind1=" " ind2=" ">
    <subfield code="0">0</subfield>
    <subfield code="1">0</subfield>
    <subfield code="2">udc</subfield>
    <subfield code="4">0</subfield>
    <subfield code="7">0</subfield>
    <subfield code="a">BIBTCEMT</subfield>
    <subfield code="b">BIBTCEMT</subfield>
    <subfield code="d">2023-12-02</subfield>
    <subfield code="l">0</subfield>
    <subfield code="o">656.1/.5(81)(094.5) B823c</subfield>
    <subfield code="p">BIBTCEMT23120071</subfield>
    <subfield code="r">2023-12-02</subfield>
    <subfield code="t">Ex. 1</subfield>
    <subfield code="w">2023-12-02</subfield>
    <subfield code="y">LV</subfield>
  </datafield>
  <datafield tag="999" ind1=" " ind2=" ">
    <subfield code="c">1261</subfield>
    <subfield code="d">1261</subfield>
  </datafield>
</record>
